000
00251nam a2200109Ia 4500
008
190216s9999||||xx |||||||||||||| ||und||
100
_a
Tandom B N
245
0
_a
Principles Of Marcantile Law
260
_b
S Chand & Co
650
_a
Commerce
942
_c
BK
999
_c
4996
_d
4996